Fr. Conceicao Rodrigues College of Engineering

Computer graphics using open GL (Record no. 18270)

MARC details
000 -LEADER
fixed length control field 00373nam a2200169Ia 4500
082 ## - DEWEY DECIMAL CLASSIFICATION NUMBER
Classification number 006.6/HILL
Item number HIL
100 ## - MAIN ENTRY--PERSONAL NAME
Personal name Hill/F.S/ Kelley/S.M
245 ## - TITLE STATEMENT
Title Computer graphics using open GL
260 ## - PUBLICATION, DISTRIBUTION, ETC.
Name of publisher, distributor, etc. Pearson Education
Date of publication, distribution, etc. 2007
366 ## - TRADE AVAILABILITY INFORMATION
Publishers's discount category 17.5
300 ## - PHYSICAL DESCRIPTION
Extent 786
546 ## - LANGUAGE NOTE
Language note ENGLISH
650 ## - SUBJECT ADDED ENTRY--TOPICAL TERM
Topical term or geographic name entry element Computer graphics
654 ## - SUBJECT ADDED ENTRY--FACETED TOPICAL TERMS
Focus term open GL
942 ## - ADDED ENTRY ELEMENTS (KOHA)
Koha item type BOOK
Holdings
Withdrawn status Lost status Damaged status Not for loan Collection Home library Current library Date acquired Source of acquisition Cost, normal purchase price Inventory number Total Checkouts Full call number Barcode Date last seen Cost, replacement price Price effective from Koha item type
        CRC Fr. Agnel's C.Rodrigues College of Engineering Fr. Agnel's C.Rodrigues College of Engineering 17/03/2023 Educational books and periodicals 391.88 258 dt 27/04/2009   006.6/HILL HIL 19562 17/03/2023 475.00   BOOK